[Event "Warsaw Szansa rapid op"]
[Site "Warsaw"]
[Date "2023.09.17"]
[Round "2"]
[White "Staroszczyk, Mateusz"]
[Black "Rudzinska, Michalina"]
[Result "0-1"]
[WhiteElo "1911"]
[BlackElo "2228"]
[PlyCount "62"]
[EventDate "2023.09.17"]
[EventType "swiss (rapid)"]
[EventRounds "9"]
[EventCountry "POL"]
[SourceTitle "EXT 2024"]
[Source "ChessBase"]
[SourceDate "2023.10.10"]
[SourceVersion "1"]
[SourceVersionDate "2023.10.10"]
[SourceQuality "1"]

1. d4 Nf6 2. Bf4 e6 3. e3 c5 4. c3 b6 5. Nd2 Bb7 6. Ngf3 cxd4 7. exd4 Be7 8. Bd3 0-0 9. Qe2 d6 10. h4 Nbd7 11. 0-0-0 Rc8 12. Ne4 Nxe4 13. Bxe4 Bxe4 14. Qxe4 b5 15. Kb1 Qa5 16. Bg5 Bf6 17. d5 Rc4 18. Qe2 e5 19. Nd2 Ra4 20. a3 Rc8 21. Ne4 Qb6 22. Bxf6 Nxf6 23. Nxf6+ gxf6 24. Rh3 Kf8 25. Rdd3 Ke7 26. f3 a5 27. g4 b4 28. cxb4 axb4 29. Rb3 bxa3 30. Ka2 axb2+ 31. Kxb2 Qd4+ 0-1

[Event "Valencia Cuna op 4th"]
[Site "Valencia"]
[Date "2023.07.11"]
[Round "4"]
[White "Rey Martinez, Jaime"]
[Black "Staroszczyk, Mateusz"]
[Result "1-0"]
[WhiteElo "2361"]
[BlackElo "1891"]
[PlyCount "67"]
[EventDate "2023.07.08"]
[EventType "swiss"]
[EventRounds "9"]
[EventCountry "ESP"]
[SourceTitle "CBM 215 Extra"]
[Source "ChessBase"]
[SourceDate "2023.09.30"]
[SourceVersion "1"]
[SourceVersionDate "2023.09.30"]
[SourceQuality "1"]

1. e4 c5 2. Nf3 g6 3. d4 cxd4 4. Nxd4 Nc6 5. c4 Nf6 6. Nc3 Bg7 7. Be3 Ng4 8. Qxg4 Nxd4 9. Qd1 Nc6 10. Rc1 d6 11. Be2 0-0 12. 0-0 Be6 13. Qd2 Re8 14. Nd5 Qd7 15. b4 f5 16. b5 Ne5 17. f4 Nf7 18. exf5 gxf5 19. Bf3 Bxd5 20. Qxd5 b6 21. Qd3 Rac8 22. Bc6 Rxc6 23. bxc6 Qc8 24. Rf3 e6 25. Rg3 Kf8 26. Bd4 Bh6 27. Qf3 e5 28. Be3 e4 29. Qh5 Qe6 30. Qd1 Re7 31. Qd5 Qc8 32. Rh3 Rc7 33. Rh5 Rxc6 34. Rxf5 1-0

[Event "POL-ch blitz"]
[Site "Suwalki"]
[Date "2022.09.24"]
[Round "11"]
[White "Staroszczyk, Mateusz"]
[Black "Basiaga, Sebastian"]
[Result "0-1"]
[WhiteElo "1891"]
[BlackElo "1826"]
[PlyCount "55"]
[EventDate "2022.09.24"]
[EventType "swiss (blitz)"]
[EventRounds "15"]
[EventCountry "POL"]
[SourceTitle "CBM 210 Extra"]
[Source "ChessBase"]
[SourceDate "2022.11.30"]
[SourceVersion "1"]
[SourceVersionDate "2022.11.30"]
[SourceQuality "1"]

1. d4 d5 2. Bf4 Nf6 3. e3 c6 4. c3 Bf5 5. Nd2 e6 6. Ngf3 Nbd7 7. Ne5 Nxe5 8. dxe5 Nd7 9. Nf3 h6 10. Bd3 Bxd3 11. Qxd3 g5 12. Bg3 Bg7 13. 0-0-0 g4 14. Nd4 Nxe5 15. Qe2 h5 16. h3 Qa5 17. hxg4 hxg4 18. Rxh8+ Bxh8 19. Bxe5 Bxe5 20. Qxg4 0-0-0 21. Nxe6 fxe6 22. Qxe6+ Rd7 23. Qe8+ Rd8 24. Qxe5 Qxa2 25. Kc2 Qa4+ 26. Kd2 Qb3 27. Kc1 Qa2 28. Qe6+ 0-1

[Event "POL-ch blitz"]
[Site "Suwalki"]
[Date "2022.09.24"]
[Round "3"]
[White "Staroszczyk, Mateusz"]
[Black "Chomczyk, Marek"]
[Result "0-1"]
[WhiteElo "1891"]
[BlackElo "2327"]
[PlyCount "66"]
[EventDate "2022.09.24"]
[EventType "swiss (blitz)"]
[EventRounds "15"]
[EventCountry "POL"]
[SourceTitle "CBM 210 Extra"]
[Source "ChessBase"]
[SourceDate "2022.11.30"]
[SourceVersion "1"]
[SourceVersionDate "2022.11.30"]
[SourceQuality "1"]

1. d4 g6 2. e4 d6 3. Nc3 Nf6 4. f3 c6 5. a4 Bg7 6. Be3 0-0 7. Qd2 Qc7 8. Bh6 Nbd7 9. Bxg7 Kxg7 10. Bc4 e5 11. Nge2 exd4 12. Nxd4 d5 13. Bd3 dxe4 14. fxe4 Ne5 15. 0-0-0 b5 16. axb5 cxb5 17. Ndxb5 Qa5 18. Nb1 Nxd3+ 19. Qxd3 Ba6 20. c4 Rac8 21. N1c3 Bxb5 22. Nxb5 Rfd8 23. Qc3 Qa1+ 24. Kc2 Qa4+ 25. b3 Qa2+ 26. Qb2 Qxb2+ 27. Kxb2 Re8 28. Rhe1 Nxe4 29. Nxa7 Rc5 30. Nb5 Rce5 31. Rd7 Nc5 32. Rxe5 Rxe5 33. Nd6 Nxd7 0-1

[Event "Warsaw Szansa Rapid op"]
[Site "Warsaw"]
[Date "2021.09.11"]
[Round "2"]
[White "Staroszczyk, Mateusz"]
[Black "Gumularz, Szymon"]
[Result "0-1"]
[WhiteElo "1923"]
[BlackElo "2534"]
[PlyCount "74"]
[EventDate "2021.09.11"]
[EventType "swiss (rapid)"]
[EventRounds "9"]
[EventCountry "POL"]
[SourceTitle "CBM 204 Extra"]
[Source "ChessBase"]
[SourceDate "2021.11.30"]
[SourceVersion "1"]
[SourceVersionDate "2021.11.30"]
[SourceQuality "1"]

1. e4 d6 2. d4 Nf6 3. Nc3 g6 4. f3 a6 5. a4 Bg7 6. Be3 0-0 7. Qd2 Nc6 8. Bc4 e5 9. Nge2 exd4 10. Nxd4 Ne5 11. Be2 d5 12. exd5 Nxd5 13. Nxd5 Qxd5 14. 0-0 Nc4 15. Bxc4 Qxc4 16. b3 Qd5 17. Rad1 Re8 18. c4 Qh5 19. Qf2 b6 20. Bf4 c5 21. Nc2 Qf5 22. Bg3 Bb7 23. Kh1 Rad8 24. Ne3 Qe6 25. Rfe1 Bd4 26. Rd3 b5 27. axb5 axb5 28. cxb5 Qb6 29. Qd2 Qxb5 30. Nc2 Bf6 31. Rxe8+ Rxe8 32. h3 Ba6 33. Rd7 Qf1+ 34. Kh2 Re2 35. Rd8+ Kg7 36. Ne3 Rxd2 37. Nxf1 Rxd8 0-1

[Event "Suwalki Warakomska Memorial op 4th"]
[Site "Suwalki"]
[Date "2020.08.12"]
[Round "8"]
[White "Staroszczyk, Mateusz"]
[Black "Choroszej, Aleksander"]
[Result "1-0"]
[WhiteElo "1984"]
[BlackElo "2059"]
[PlyCount "49"]
[EventDate "2020.08.06"]
[EventType "swiss"]
[EventRounds "9"]
[EventCountry "POL"]
[SourceTitle "CBM 197 Extra"]
[Source "ChessBase"]
[SourceDate "2020.09.30"]
[SourceVersion "1"]
[SourceVersionDate "2020.09.30"]
[SourceQuality "1"]

1. e4 g6 2. d4 Bg7 3. Nc3 d6 4. Be3 a6 5. a4 Nf6 6. f3 b6 7. Bc4 e6 8. Qd2 h6 9. Nge2 Bb7 10. d5 e5 11. 0-0 Nbd7 12. Kh1 Qe7 13. b4 Nh5 14. a5 b5 15. Bxb5 axb5 16. Nxb5 Nb8 17. c4 0-0 18. Bxh6 Bxh6 19. Qxh6 Rc8 20. f4 exf4 21. Nxf4 Qe5 22. Nxg6 fxg6 23. Qxg6+ Ng7 24. Qf7+ Kh7 25. Ra3 1-0

[Event "Mazowiec-chT op 1617"]
[Site "Warsaw"]
[Date "2017.01.08"]
[Round "4.6"]
[White "Staroszczyk, Mateusz"]
[Black "Sen, Tymoteusz"]
[Result "1-0"]
[WhiteElo "1961"]
[BlackElo "1267"]
[PlyCount "105"]
[EventDate "2016.12.11"]
[EventType "team-swiss"]
[EventRounds "10"]
[EventCountry "POL"]
[SourceTitle "EXT 2019"]
[Source "ChessBase"]
[SourceDate "2018.10.10"]
[SourceVersion "1"]
[SourceVersionDate "2018.10.10"]
[SourceQuality "1"]

1. e4 c5 2. Nc3 d6 3. g3 g6 4. Bg2 Nc6 5. d3 Bg7 6. Be3 a6 7. Qd2 Bd7 8. f4 Nf6 9. h3 Rb8 10. Nf3 b5 11. 0-0 0-0 12. g4 Qc8 13. f5 b4 14. Ne2 Ne8 15. Bh6 Nc7 16. Bxg7 Kxg7 17. Rf2 e5 18. f6+ Kxf6 19. Nxe5+ Kg7 20. Nc4 Ne8 21. Raf1 Be6 22. Ne3 Ne5 23. Nf4 Nc7 24. Nxe6+ Qxe6 25. g5 Qxa2 26. b3 Qb2 27. Kh1 Qd4 28. Rf6 Ne8 29. Nd5 Nd7 30. Qf4 Ndxf6 31. gxf6+ Kh8 32. Qh6 Rg8 33. Rf4 Qa1+ 34. Bf1 Qe1 35. Kg1 Qg3+ 36. Bg2 Qe1+ 37. Kh2 Qc1 38. Qg5 a5 39. e5 Qe1 40. Re4 Qf2 41. Ne7 dxe5 42. Nxg8 Kxg8 43. Qxe5 Nxf6 44. Qxb8+ Kg7 45. Qe5 Kg8 46. Rf4 Ng4+ 47. Rxg4 Qd2 48. Qxc5 a4 49. bxa4 b3 50. cxb3 Qxd3 51. Qd5 Qe3 52. Qd8+ Kg7 53. Qd4+ 1-0

[Event "Mazowiec-chT 1516"]
[Site "Poland"]
[Date "2016.02.21"]
[Round "7.1"]
[White "Staroszczyk, Mateusz"]
[Black "Pietruszewski, Marcin"]
[Result "0-1"]
[WhiteElo "1934"]
[BlackElo "2165"]
[PlyCount "64"]
[EventDate "2015.12.13"]
[EventType "team-tourn"]
[EventRounds "7"]
[EventCountry "POL"]
[SourceTitle "EXT 2019"]
[Source "ChessBase"]
[SourceDate "2018.10.10"]
[SourceVersion "1"]
[SourceVersionDate "2018.10.10"]
[SourceQuality "1"]
[WhiteTeam "Zielonka Zieloni II"]
[BlackTeam "Warszawa Hetman"]
[WhiteTeamCountry "POL"]
[BlackTeamCountry "POL"]

1. c4 Nf6 2. Nc3 c5 3. Nf3 b6 4. g3 Bb7 5. Bg2 e6 6. 0-0 Be7 7. b3 0-0 8. Bb2 d6 9. Re1 a6 10. d4 cxd4 11. Qxd4 Qc7 12. e4 Nbd7 13. Rad1 Rfd8 14. h3 Bc6 15. g4 Ne5 16. Qe3 b5 17. Nd4 bxc4 18. f4 Nd3 19. Rxd3 cxd3 20. Nxc6 Qxc6 21. e5 Nd5 22. Nxd5 exd5 23. e6 f6 24. Qxd3 Rac8 25. Bxd5 Qc2 26. Qd4 Qc5 27. Re2 Qxd4+ 28. Bxd4 Rc1+ 29. Kf2 a5 30. a4 Kf8 31. Bb6 Rb8 32. Bxa5 Rc5 0-1

[Event "Mazowiec-chT 1516"]
[Site "Poland"]
[Date "2016.01.24"]
[Round "5.6"]
[White "Suliborski, Jakub"]
[Black "Staroszczyk, Mateusz"]
[Result "1-0"]
[WhiteElo "2092"]
[BlackElo "1934"]
[PlyCount "53"]
[EventDate "2015.12.13"]
[EventType "team-tourn"]
[EventRounds "7"]
[EventCountry "POL"]
[SourceTitle "EXT 2019"]
[Source "ChessBase"]
[SourceDate "2018.10.10"]
[SourceVersion "1"]
[SourceVersionDate "2018.10.10"]
[SourceQuality "1"]
[WhiteTeam "Minsk Mazowiecki MTSz"]
[BlackTeam "Zielonka Zieloni II"]
[WhiteTeamCountry "POL"]
[BlackTeamCountry "POL"]

1. e4 c5 2. Nf3 e6 3. d4 cxd4 4. Nxd4 a6 5. Bd3 Bc5 6. Nb3 Ba7 7. Nc3 Nc6 8. Bf4 d6 9. Qd2 Nge7 10. h4 e5 11. Be3 Be6 12. 0-0-0 Bxe3 13. Qxe3 Qc7 14. Qg3 0-0-0 15. Rd2 Kb8 16. Rhd1 Rc8 17. Bf1 Bxb3 18. axb3 Nd4 19. Bc4 Nec6 20. f4 b5 21. Bd5 Nb4 22. fxe5 dxe5 23. Bxf7 Ka7 24. Be6 Nbxc2 25. Rxc2 Nxc2 26. Rd7 Nb4 27. Qxg7 1-0

[Event "Mazowiec-chT 1516"]
[Site "Poland"]
[Date "2016.01.10"]
[Round "2.6"]
[White "Chomczyk, Marek"]
[Black "Staroszczyk, Mateusz"]
[Result "0-1"]
[WhiteElo "2257"]
[BlackElo "1934"]
[PlyCount "86"]
[EventDate "2015.12.13"]
[EventType "team-tourn"]
[EventRounds "7"]
[EventCountry "POL"]
[SourceTitle "EXT 2019"]
[Source "ChessBase"]
[SourceDate "2018.10.10"]
[SourceVersion "1"]
[SourceVersionDate "2018.10.10"]
[SourceQuality "1"]
[WhiteTeam "Warszawa Polonia II"]
[BlackTeam "Zielonka Zieloni II"]
[WhiteTeamCountry "POL"]
[BlackTeamCountry "POL"]

1. e4 e5 2. Nf3 Nc6 3. Bb5 Nge7 4. Nc3 g6 5. d3 Bg7 6. Bg5 h6 7. Bh4 g5 8. Bg3 a6 9. Ba4 b5 10. Bb3 d6 11. Qd2 Be6 12. Bxe6 fxe6 13. h4 Kd7 14. h5 Qe8 15. 0-0-0 Nd4 16. Nxd4 exd4 17. Ne2 e5 18. Kb1 Qf7 19. c3 c5 20. cxd4 cxd4 21. Rc1 Nc6 22. f3 a5 23. Be1 Nb4 24. b3 Rhc8 25. Qd1 Rxc1+ 26. Nxc1 Nc6 27. Ne2 Bf8 28. Ng3 d5 29. Qc2 Rc8 30. Qe2 Ba3 31. exd5 Qxd5 32. Bd2 Ne7 33. Qd1 Qc6 34. Ne4 Nd5 35. g3 a4 36. Rg1 Qa6 37. f4 b4 38. Qg4+ Kd8 39. Qe2 axb3 40. axb3 Bb2 41. Bc3 Bxc3 42. Qa2 Qxa2+ 43. Kxa2 Ra8+ 0-1

[Event "Mazowiec-chT 1516"]
[Site "Poland"]
[Date "2016.01.10"]
[Round "3.1"]
[White "Staroszczyk, Mateusz"]
[Black "Jarmula, Pawel"]
[Result "1/2-1/2"]
[WhiteElo "1934"]
[BlackElo "2210"]
[PlyCount "77"]
[EventDate "2015.12.13"]
[EventType "team-tourn"]
[EventRounds "7"]
[EventCountry "POL"]
[SourceTitle "EXT 2019"]
[Source "ChessBase"]
[SourceDate "2018.10.10"]
[SourceVersion "1"]
[SourceVersionDate "2018.10.10"]
[SourceQuality "1"]
[WhiteTeam "Zielonka Zieloni II"]
[BlackTeam "Warszawa Polonia"]
[WhiteTeamCountry "POL"]
[BlackTeamCountry "POL"]

1. e4 c5 2. Nc3 Nc6 3. g3 g6 4. Bg2 Bg7 5. d3 d6 6. Be3 e5 7. Qd2 Be6 8. Nge2 Qd7 9. 0-0-0 Nd4 10. Kb1 Nf6 11. f4 Rb8 12. h3 b5 13. g4 b4 14. Bxd4 exd4 15. Nd5 Bxd5 16. exd5 0-0 17. f5 Ne8 18. Be4 Nc7 19. Rdf1 Qd8 20. g5 Nb5 21. f6 Bh8 22. Kc1 Qa5 23. Kd1 Qxa2 24. h4 Qxb2 25. h5 Nc3+ 26. Ke1 Rb7 27. hxg6 fxg6 28. Nf4 Nb1 29. Qh2 Bxf6 30. gxf6 Rxf6 31. Ne2 Rxf1+ 32. Rxf1 Qa1 33. Qxd6 Nc3+ 34. Kf2 Rf7+ 35. Nf4 Nxe4+ 36. dxe4 Qc3 37. Qe6 g5 38. Qe8+ Rf8 39. Qe6+ 1/2-1/2

[Event "POL-chT 2nd League"]
[Site "Szczyrk"]
[Date "2014.09.09"]
[Round "4.58"]
[White "Kudas, Damian"]
[Black "Staroszczyk, Mateusz"]
[Result "1-0"]
[WhiteElo "2067"]
[BlackElo "2004"]
[PlyCount "77"]
[EventDate "2014.09.06"]
[EventType "team-swiss"]
[EventRounds "9"]
[EventCountry "POL"]
[SourceTitle "EXT 2015"]
[Source "ChessBase"]
[SourceDate "2014.11.20"]
[SourceVersion "1"]
[SourceVersionDate "2014.11.20"]
[SourceQuality "1"]
[WhiteTeam "Myslenice MLKSz"]
[BlackTeam "Zielonka Zieloni"]
[WhiteTeamCountry "POL"]
[BlackTeamCountry "POL"]

1. d4 e6 2. c4 b6 3. Nf3 Bb7 4. g3 Bb4+ 5. Bd2 Qe7 6. Bg2 Nf6 7. 0-0 Bxd2 8. Qxd2 0-0 9. Nc3 d6 10. Qc2 Nbd7 11. Rad1 Rfe8 12. e4 Rad8 13. Rfe1 a6 14. b4 h6 15. a3 Nh7 16. Nh4 g5 17. Nf3 Ndf8 18. h3 Ng6 19. Nh2 Qf8 20. Ng4 Qg7 21. b5 Rf8 22. Na2 Rb8 23. bxa6 Bxa6 24. Nb4 Bb7 25. c5 bxc5 26. dxc5 f5 27. exf5 exf5 28. Bxb7 Rxb7 29. Ne3 Ne5 30. Kh1 Qf7 31. cxd6 cxd6 32. Rxd6 Qh5 33. Kg2 Qf3+ 34. Kh2 f4 35. Ng2 fxg3+ 36. fxg3 Qh5 37. Rxe5 Nf6 38. Rxf6 Rxf6 39. Qc8+ 1-0

[Event "POL-chT 2nd League"]
[Site "Szczyrk"]
[Date "2014.09.07"]
[Round "2.22"]
[White "Osipow, Nikolaj"]
[Black "Staroszczyk, Mateusz"]
[Result "1-0"]
[WhiteElo "2143"]
[BlackElo "2004"]
[PlyCount "61"]
[EventDate "2014.09.06"]
[EventType "team-swiss"]
[EventRounds "9"]
[EventCountry "POL"]
[SourceTitle "EXT 2015"]
[Source "ChessBase"]
[SourceDate "2014.11.20"]
[SourceVersion "1"]
[SourceVersionDate "2014.11.20"]
[SourceQuality "1"]
[WhiteTeam "Czerwionka Leszczyny Skoczek"]
[BlackTeam "Zielonka Zieloni"]
[WhiteTeamCountry "POL"]
[BlackTeamCountry "POL"]

1. d4 g6 2. Nf3 Bg7 3. c4 d6 4. Nc3 Nd7 5. h4 Ngf6 6. Bf4 c5 7. d5 Nh5 8. Bd2 Ndf6 9. e4 0-0 10. Be2 Bg4 11. Nh2 Bxe2 12. Qxe2 Ne8 13. g4 Nhf6 14. h5 a6 15. f4 Nd7 16. hxg6 fxg6 17. Nf3 Nc7 18. Ng5 h6 19. Ne6 Nxe6 20. dxe6 Nf6 21. e5 dxe5 22. fxe5 Nh7 23. Nd5 g5 24. Qe4 Kh8 25. 0-0-0 Rc8 26. Rh5 Rc6 27. Bxg5 Rxe6 28. Nf4 Nxg5 29. Rxd8 Rxd8 30. Qf5 Rc6 31. Qxg5 1-0

[Event "Mazowiec-chT 1314"]
[Site "Poland"]
[Date "2014.02.09"]
[Round "7.21"]
[White "Staroszczyk, Mateusz"]
[Black "Kedzierski, Slawomir"]
[Result "1/2-1/2"]
[WhiteElo "2005"]
[BlackElo "2097"]
[PlyCount "145"]
[EventDate "2014.01.12"]
[EventType "team-tourn"]
[EventRounds "10"]
[EventCountry "POL"]
[SourceTitle "EXT 2019"]
[Source "ChessBase"]
[SourceDate "2018.10.10"]
[SourceVersion "1"]
[SourceVersionDate "2018.10.10"]
[SourceQuality "1"]

1. d4 Nf6 2. Nf3 e6 3. e3 d5 4. Bd3 c5 5. b3 cxd4 6. exd4 Nc6 7. 0-0 Be7 8. Re1 0-0 9. Bb2 Bd7 10. a3 Rc8 11. Nbd2 Qb6 12. b4 a6 13. Nb3 Na7 14. Nc5 Bb5 15. Ne5 Rfd8 16. Qe2 Bxd3 17. cxd3 Nb5 18. Rac1 Nd6 19. Bc3 Qa7 20. a4 b6 21. Nb3 Rc7 22. Rc2 Rdc8 23. Rec1 Qb7 24. h3 Nfe8 25. Nf3 Qc6 26. Ra2 Qb7 27. Rac2 Nf6 28. Ne5 Nd7 29. g3 Nb8 30. Kh2 Nc6 31. f4 Ne8 32. Nxc6 Qxc6 33. Ra2 Qd7 34. Qd2 Bd6 35. Qb2 Qe7 36. Nd2 g5 37. fxg5 Qxg5 38. Nf1 Bxb4 39. Bd2 Bxd2 40. Rxc7 Rxc7 41. Qxd2 Qxd2+ 42. Rxd2 Nd6 43. Ne3 Kf8 44. h4 Ke7 45. g4 h6 46. g5 hxg5 47. hxg5 Rc3 48. Ng4 Ra3 49. Rb2 b5 50. Ne5 Rc3 51. axb5 axb5 52. Ra2 Rc7 53. Kg2 Nf5 54. Rf2 Kd6 55. Kh3 b4 56. Rb2 Rb7 57. Nf3 Kc6 58. Kg4 Kb5 59. Kf4 Ka4 60. Ke5 Ka3 61. Rb1 Ka2 62. Nd2 b3 63. Rxb3 Rxb3 64. Nxb3 Kxb3 65. g6 fxg6 66. Kxe6 Kc3 67. Kxd5 Kxd3 68. Ke5 Ne7 69. d5 Nxd5 70. Kxd5 Ke3 71. Ke5 Kf3 72. Kf6 g5 73. Kxg5 1/2-1/2

[Event "Mazowiec-chT 1314"]
[Site "Poland"]
[Date "2014.02.09"]
[Round "8.12"]
[White "Wisniewski, Jacek"]
[Black "Staroszczyk, Mateusz"]
[Result "1-0"]
[WhiteElo "1604"]
[BlackElo "2005"]
[PlyCount "63"]
[EventDate "2014.01.12"]
[EventType "team-tourn"]
[EventRounds "10"]
[EventCountry "POL"]
[SourceTitle "EXT 2019"]
[Source "ChessBase"]
[SourceDate "2018.10.10"]
[SourceVersion "1"]
[SourceVersionDate "2018.10.10"]
[SourceQuality "1"]

1. e4 c5 2. Nf3 e6 3. c3 d5 4. exd5 exd5 5. d4 Nf6 6. Bd3 Be7 7. dxc5 0-0 8. Be3 Bg4 9. Nbd2 Nbd7 10. b4 a5 11. 0-0 b6 12. cxb6 axb4 13. cxb4 Ra3 14. Qc2 Nxb6 15. Rfb1 d4 16. Nxd4 Nbd5 17. Nc6 Nxe3 18. fxe3 Qd7 19. Nc4 Rxd3 20. Nxe7+ Kh8 21. Ne5 Qxe7 22. Nxd3 Qxe3+ 23. Nf2 Rc8 24. Qb3 Rc3 25. Qxf7 h6 26. Re1 Be2 27. a4 Rc2 28. a5 Qd4 29. Qe7 Ng4 30. Qe8+ Kh7 31. Qe4+ Qxe4 32. Nxe4 1-0

[Event "Mazowiec-chT 1314"]
[Site "Poland"]
[Date "2014.02.02"]
[Round "5.11"]
[White "Staroszczyk, Mateusz"]
[Black "Litwiniec, Miroslawa"]
[Result "1-0"]
[WhiteElo "2005"]
[BlackElo "1802"]
[PlyCount "69"]
[EventDate "2014.01.12"]
[EventType "team-tourn"]
[EventRounds "10"]
[EventCountry "POL"]
[SourceTitle "EXT 2019"]
[Source "ChessBase"]
[SourceDate "2018.10.10"]
[SourceVersion "1"]
[SourceVersionDate "2018.10.10"]
[SourceQuality "1"]

1. Nf3 d5 2. b3 Bf5 3. Bb2 e6 4. e3 Nd7 5. d4 Ngf6 6. Be2 Ne4 7. 0-0 Bd6 8. c4 c6 9. Nc3 Ndf6 10. Rc1 Qb8 11. a3 0-0 12. b4 a6 13. Na4 g5 14. Nb6 Ra7 15. Ne5 Rd8 16. c5 Bc7 17. Bh5 Bg6 18. Bxg6 hxg6 19. Qd3 Kg7 20. Na4 Ng8 21. f3 Nef6 22. Nb6 Ne7 23. a4 Rh8 24. Rb1 Qd8 25. b5 Bxb6 26. cxb6 Qxb6 27. Ba3 Nfg8 28. Bc5 Qc7 29. b6 Qd8 30. bxa7 f6 31. Rxb7 fxe5 32. dxe5 Rh7 33. Bxe7 Nxe7 34. Rxe7+ Qxe7 35. a8Q 1-0

[Event "EU-ch rapid"]
[Site "Warsaw"]
[Date "2013.12.14"]
[Round "2"]
[White "Maiorov, Nikita"]
[Black "Staroszczyk, Mateusz"]
[Result "1-0"]
[WhiteElo "2552"]
[BlackElo "2005"]
[PlyCount "61"]
[EventDate "2013.12.14"]
[EventType "swiss (rapid)"]
[EventRounds "11"]
[EventCountry "POL"]
[SourceTitle "CBM 157 Extra"]
[Source "ChessBase"]
[SourceDate "2013.12.19"]
[SourceVersion "1"]
[SourceVersionDate "2013.12.19"]
[SourceQuality "1"]

1. d4 d5 2. c4 e6 3. Nf3 c6 4. e3 f5 5. Bd3 Nf6 6. 0-0 Bd6 7. b3 Qe7 8. Bb2 0-0 9. Qc1 Ne4 10. Ba3 Bd7 11. Bxd6 Qxd6 12. Qa3 Be8 13. Qxd6 Nxd6 14. Nbd2 Nd7 15. b4 Bh5 16. Rfc1 Ne4 17. Nb3 f4 18. Bxe4 dxe4 19. Ng5 fxe3 20. fxe3 e5 21. Nxe4 exd4 22. exd4 Rae8 23. Re1 Nb6 24. Na5 Rf4 25. Ng3 Rxe1+ 26. Rxe1 Bf7 27. c5 Nd5 28. a3 Rxd4 29. Nxb7 Nf4 30. Nd6 g5 31. Ngf5 1-0

[Event "Krakow op-B 23rd"]
[Site "Krakow"]
[Date "2013.01.03"]
[Round "8"]
[White "Staroszczyk, Mateusz"]
[Black "Malaczek, Mateusz"]
[Result "1/2-1/2"]
[WhiteElo "2026"]
[BlackElo "1855"]
[PlyCount "50"]
[EventDate "2012.12.27"]
[EventType "swiss"]
[EventRounds "9"]
[EventCountry "POL"]
[SourceTitle "CBM 152 Extra"]
[Source "ChessBase"]
[SourceDate "2013.02.25"]
[SourceVersion "1"]
[SourceVersionDate "2013.02.25"]
[SourceQuality "1"]

1. e4 c5 2. Nc3 Nc6 3. g3 g6 4. Bg2 Bg7 5. d3 Rb8 6. Be3 d6 7. Qd2 b5 8. f4 b4 9. Nd1 Qb6 10. Nf3 Nf6 11. h3 0-0 12. 0-0 Ne8 13. Kh1 Nc7 14. Bg1 a5 15. a3 Nb5 16. axb4 axb4 17. Qf2 Nbd4 18. Ne3 Nxf3 19. Qxf3 Nd4 20. Qf2 Bb7 21. f5 Ra8 22. Rxa8 Bxa8 23. c3 bxc3 24. bxc3 Nb5 25. fxg6 hxg6 1/2-1/2

[Event "Krakow op-B 23rd"]
[Site "Krakow"]
[Date "2012.12.29"]
[Round "3"]
[White "Sawczuk, Czeslaw"]
[Black "Staroszczyk, Mateusz"]
[Result "1/2-1/2"]
[WhiteElo "1806"]
[BlackElo "2026"]
[PlyCount "101"]
[EventDate "2012.12.27"]
[EventType "swiss"]
[EventRounds "9"]
[EventCountry "POL"]
[SourceTitle "CBM 152 Extra"]
[Source "ChessBase"]
[SourceDate "2013.02.25"]
[SourceVersion "1"]
[SourceVersionDate "2013.02.25"]
[SourceQuality "1"]

1. d4 f5 2. c4 Nf6 3. Nc3 e6 4. a3 d5 5. Nf3 c6 6. e3 Bd6 7. c5 Bc7 8. b4 0-0 9. Ne5 Bxe5 10. dxe5 Ne4 11. Ne2 a5 12. f3 Ng5 13. h4 Nf7 14. Bb2 Na6 15. Qd4 Bd7 16. Nc3 axb4 17. axb4 Nc7 18. Na4 Qe7 19. Be2 Nh6 20. g3 Be8 21. Nb6 Rxa1+ 22. Bxa1 Bh5 23. Qf4 Nf7 24. 0-0 h6 25. Qd4 g5 26. g4 Bg6 27. h5 Bh7 28. Bd3 Nh8 29. Kg2 f4 30. Rd1 Bxd3 31. Qxd3 fxe3 32. Qxe3 Qh7 33. Qd3 Qxd3 34. Rxd3 Nb5 35. Bc3 Kf7 36. Be1 Ke7 37. Bg3 Kd8 38. Kf2 Kc7 39. Ke3 d4+ 40. Kd2 Rf7 41. Nc4 Rf8 42. Nd6 Nc3 43. Rxd4 Rxf3 44. Rd3 Rxd3+ 45. Kxd3 Nd5 46. Be1 b5 47. Bd2 Kd7 48. Ke4 Ke7 49. Nc8+ Kd8 50. Nd6 Ke7 51. Nc8+ 1/2-1/2

[Event "POL-chT 2nd League"]
[Site "Lazy"]
[Date "2012.09.07"]
[Round "7"]
[White "Jagodzinski, Piotr"]
[Black "Staroszczyk, Mateusz"]
[Result "1-0"]
[WhiteElo "2167"]
[BlackElo "2024"]
[PlyCount "71"]
[EventDate "2012.09.01"]
[EventType "team-swiss"]
[EventRounds "9"]
[EventCountry "POL"]
[SourceTitle "EXT 2019"]
[Source "ChessBase"]
[SourceDate "2018.10.10"]
[SourceVersion "1"]
[SourceVersionDate "2018.10.10"]
[SourceQuality "1"]
[WhiteTeam "Wroclaw AZS Politechnika"]
[BlackTeam "Zielonka Zieloni"]
[WhiteTeamCountry "POL"]
[BlackTeamCountry "POL"]

1. e4 c5 2. Nf3 e6 3. c3 d5 4. exd5 exd5 5. d4 Nc6 6. Be2 Nf6 7. 0-0 Bd6 8. dxc5 Bxc5 9. Nbd2 0-0 10. Nb3 Bb6 11. Bg5 Be6 12. Nbd4 h6 13. Bh4 g5 14. Bg3 Ne4 15. Bd3 Nxg3 16. hxg3 Qf6 17. Bc2 Nxd4 18. Nxd4 Bxd4 19. cxd4 Rfc8 20. Qd3 Rc4 21. Rad1 Rac8 22. Bb3 Bg4 23. Rd2 Rc1 24. Bxd5 Qf5 25. Bf3 Rxf1+ 26. Qxf1 Bxf3 27. gxf3 Qxf3 28. d5 Rc5 29. d6 Rd5 30. Qe1 Rxd2 31. Qxd2 Qf6 32. Qd5 Qd8 33. d7 b6 34. g4 Kg7 35. Qc6 a5 36. Qc8 1-0